000 00462nam a22001817a 4500
999 _c7541
_d7539
005 20210306162320.0
008 210306b ||||| |||| 00| 0 eng d
020 _a978-0-07-099487-4
041 _aeng
082 _a574.19
100 _aPLUMMER, DAVID.T
_92899
245 _aAN INTRODUCTION TO PRACTICAL BIOCHEMISTRY
250 _a3RD.ED,
260 _aCHENNAI
_bMC GRAHW HILL EDUCATION
_c1971
300 _a332,p
650 _aPHARMACY
_96480
942 _cBK